| 000 | 00869nas a22002297a 4500 | ||
|---|---|---|---|
| 005 | 20260603103112.0 | ||
| 008 | 260603b20202025poru||p| |||| 00| 0 por d | ||
| 040 | _cBR-ViAPE | ||
| 245 | _aSafraES | ||
| 260 |
_aGuaçuí _bContexto Consultoria e Projetos Eireli-me _c2020-2025 |
||
| 300 |
_av. _bil. |
||
| 310 | _aIrregular | ||
| 362 | _aAno 9, n. 41 (mar. 2020) - ano 14, n. 61 (jun. 2025). | ||
| 500 | _aDisponibilizada apenas a imagem da capa na versão digital, em virtude de restrições de direitos autorais. | ||
| 500 | _aColeção incompleta: disponíveis apenas alguns números do periódico. | ||
| 650 |
_aAgronegócio _xProdutor _xMeio Ambiente _zEspírito Santo |
||
| 651 |
_aEspírito Santo (Brasil) _vPeriódico |
||
| 700 |
_aQuedevez, Kátia _eDiretor |
||
| 710 | _aContexto Consultoria e Projetos Eireli-me | ||
| 942 |
_2ddc _cPER _n1 |
||
| 999 |
_c765 _d765 |
||